000 00300nam a22001337a 4500
008 180313b xxu||||| |||| 00| 0 eng d
020 _apl21895739e
041 _aeng
080 _a336
100 _a57
101 _aBUS
245 _aBASIC BUSSINESS STATISTICS
_cKREHBIEL.B.L
942 _2udc
_cBK
999 _c44904
_d44904